Catálogo público

Síntesis, dopaje y caracterización mecánica de nanotubos de óxido de titanio para posibles aplicaciones biomédicas / (Record no. 219900)

MARC details
000 -CABECERA
campo de control de longitud fija 02100nam a2200337 4500
003 - IDENTIFICADOR DEL NÚMERO DE CONTROL
campo de control OSt
005 - FECHA Y HORA DE LA ÚLTIMA TRANSACCIÓN
campo de control 20240506144437.0
007 - CAMPO FIJO DE DESCRIPCIÓN FÍSICA--INFORMACIÓN GENERAL
campo de control de longitud fija cr ||||||||c|a
008 - DATOS DE LONGITUD FIJA--INFORMACIÓN GENERAL
campo de control de longitud fija 240503s2024 mx |||fom||| 001 0 spa d
040 ## - FUENTE DE LA CATALOGACIÓN
Normas de descripción rda
100 1# - ENTRADA PRINCIPAL--NOMBRE DE PERSONA
9 (RLIN) 189059
Nombre de persona Gaona Vences, Ammisaddai
245 10 - MENCIÓN DE TÍTULO
Título Síntesis, dopaje y caracterización mecánica de nanotubos de óxido de titanio para posibles aplicaciones biomédicas /
Mención de responsabilidad, etc. por Ammisaddai Gaona Vences; dirección Max Fernando Flores Jiménez; secretario José Manuel Rabelo Miranda; vocal Jaime Abraham Ríos Díaz; suplente Humberto Sebastián García; suplente Carlos Alfonso Quintero Nieto
264 #1 - PRODUCCIÓN, PUBLICACIÓN, DISTRIBUCIÓN, FABRICACIÓN Y COPYRIGHT
Producción, publicación, distribución, fabricación y copyright Chapingo, México :
Nombre del de productor, editor, distribuidor, fabricante El autor,
Fecha de producción, publicación, distribución, fabricación o copyright 2024.
300 ## - DESCRIPCIÓN FÍSICA
Extensión 1 recurso en línea (43 páginas):
Otras características físicas Ilustraciones, cuadros, gráficas
336 ## - TIPO DE CONTENIDO
Fuente rdacontent
Término de tipo de contenido texto
Código de tipo de contenido txt
337 ## - TIPO DE MEDIO
Fuente rdamedia
Nombre/término del tipo de medio computadora
Código del tipo de medio c
338 ## - TIPO DE SOPORTE
Fuente rdacarrier
Nombre/término del tipo de soporte recurso en línea
Código del tipo de soporte cr
502 ## - NOTA DE TESIS
Tipo de título Ingeniería Mecánica Agrícola
Nombre de la institución que otorga el título Departamento de Ingeniería Mecánica Agrícola,
Año de obtención del título 2024.
Información miscelánea Licenciatura
504 ## - NOTA DE BIBLIOGRAFÍA, ETC.
Nota de bibliografía, etc. Incluye referencias bibliográficas: páginas 36-43
650 #4 - PUNTO DE ACCESO ADICIONAL DE MATERIA--TÉRMINO DE MATERIA
9 (RLIN) 147771
Término de materia o nombre geográfico como elemento de entrada Tratamiento térmico
650 #4 - PUNTO DE ACCESO ADICIONAL DE MATERIA--TÉRMINO DE MATERIA
9 (RLIN) 125347
Término de materia o nombre geográfico como elemento de entrada Materiales biomédicos
650 #4 - PUNTO DE ACCESO ADICIONAL DE MATERIA--TÉRMINO DE MATERIA
9 (RLIN) 145359
Término de materia o nombre geográfico como elemento de entrada Ingeniería biomédica
650 #4 - PUNTO DE ACCESO ADICIONAL DE MATERIA--TÉRMINO DE MATERIA
9 (RLIN) 159133
Término de materia o nombre geográfico como elemento de entrada Materiales
Subdivisión general Propiedades mecánicas
700 1# - PUNTO DE ACCESO ADICIONAL--NOMBRE DE PERSONA
9 (RLIN) 41598
Nombre de persona Flores Jiménez, Max Fernando
Término indicativo de función/relación Director de tesis
700 1# - PUNTO DE ACCESO ADICIONAL--NOMBRE DE PERSONA
9 (RLIN) 93628
Nombre de persona Rabelo Miranda, José Manuel
Término indicativo de función/relación Secretario
700 1# - PUNTO DE ACCESO ADICIONAL--NOMBRE DE PERSONA
9 (RLIN) 189032
Nombre de persona Ríos Díaz, Jaime Abraham
Término indicativo de función/relación Vocal
700 1# - PUNTO DE ACCESO ADICIONAL--NOMBRE DE PERSONA
9 (RLIN) 130101
Nombre de persona Sebastián García, Humberto
Término indicativo de función/relación Suplente
700 1# - PUNTO DE ACCESO ADICIONAL--NOMBRE DE PERSONA
9 (RLIN) 135535
Nombre de persona Quintero Nieto, Carlos Alfonso
Término indicativo de función/relación Suplente
856 ## - LOCALIZACIÓN Y ACCESO ELECTRÓNICOS
Identificador Uniforme del Recurso http://10.13.5.2/tesis/tl/1510791-2_GAONA_VENCES_AMMISADDAI.pdf
Nota pública DESCARGAR PDF
942 ## - ELEMENTOS DE PUNTO DE ACCESO ADICIONAL (KOHA)
Fuente del sistema de clasificación o colocación Clasificación Universidad Autónoma Chapingo
Tipo de ítem Koha Tesis digital
Holdings
Estado de retiro Estado de pérdida Fuente del sistema de clasificación o colocación Estado dañado Restricciones de uso No para préstamo Código de colección Localización permanente Ubicación/localización actual Ubicación en estantería Fecha de adquisición Total de préstamos Signatura topográfica completa Fecha visto por última vez Precio válido a partir de Tipo de ítem Koha
    Clasificación Universidad Autónoma de Chapingo   Préstamo interno   Tesis digitales de Licenciatura Biblioteca Digital Biblioteca Digital En línea 03/05/2024   Tesis digital 03/05/2024 03/05/2024 Tesis digital